Statistics for NBA All-Star 2023 - Tile Select

Click here to take the quiz!

General Stats

  • This quiz has been taken 137 times
  • The average score is 53 of 64

Answer Stats

QuestionTileSelect% Correct
NBA All-Star in 2023Bojan BogdanovićNo
100%
NBA All-Star in 2023Giannis AntetokounmpoYes
100%
NBA All-Star in 2023OG AnunobyNo
100%
NBA All-Star in 2023Scottie BarnesNo
98%
NBA All-Star in 2023Aaron GordonNo
96%
NBA All-Star in 2023Jerami GrantNo
96%
NBA All-Star in 2023Mikal BridgesNo
96%
NBA All-Star in 2023Jalen GreenNo
95%
NBA All-Star in 2023Paolo BancheroNo
95%
NBA All-Star in 2023Brook LopezNo
94%
NBA All-Star in 2023Draymond GreenNo
94%
NBA All-Star in 2023Joel EmbiidYes
94%
NBA All-Star in 2023Keldon JohnsonNo
94%
NBA All-Star in 2023Luka DončićYes
94%
NBA All-Star in 2023C.J. McCollumNo
93%
NBA All-Star in 2023Kyle KuzmaNo
93%
NBA All-Star in 2023Stephen CurryYes
93%
NBA All-Star in 2023Evan MobleyNo
92%
NBA All-Star in 2023Jalen BrunsonNo
92%
NBA All-Star in 2023LeBron JamesYes
92%
NBA All-Star in 2023Bradley BealNo
91%
NBA All-Star in 2023Terry RozierNo
91%
NBA All-Star in 2023Anfernee SimonsNo
90%
NBA All-Star in 2023Nikola JokićYes
90%
NBA All-Star in 2023Damian LillardYes
89%
NBA All-Star in 2023Jayson TatumYes
89%
NBA All-Star in 2023Marcus SmartNo
89%
NBA All-Star in 2023Nikola VučevićNo
89%
NBA All-Star in 2023Dejounte MurrayNo
88%
NBA All-Star in 2023Fred VanVleetNo
88%
NBA All-Star in 2023Ja MorantYes
88%
NBA All-Star in 2023Rudy GobertNo
88%
NBA All-Star in 2023Shai Gilgeous-AlexanderYes
88%
NBA All-Star in 2023Andrew WigginsNo
86%
NBA All-Star in 2023Donovan MitchellYes
86%
NBA All-Star in 2023Klay ThompsonNo
86%
NBA All-Star in 2023LaMelo BallNo
86%
NBA All-Star in 2023Jarrett AllenNo
85%
NBA All-Star in 2023Jaylen BrownYes
85%
NBA All-Star in 2023Kristaps PorziņģisNo
83%
NBA All-Star in 2023Kevin DurantYes
81%
NBA All-Star in 2023Zach LaVineNo
78%
NBA All-Star in 2023Darius GarlandNo
76%
NBA All-Star in 2023Jaren Jackson Jr.Yes
76%
NBA All-Star in 2023Kyrie IrvingYes
76%
NBA All-Star in 2023Domantas SabonisYes
75%
NBA All-Star in 2023James HardenNo
74%
NBA All-Star in 2023Lauri MarkkanenYes
74%
NBA All-Star in 2023De’Aaron FoxYes
72%
NBA All-Star in 2023Karl-Anthony TownsNo
72%
NBA All-Star in 2023Kawhi LeonardNo
72%
NBA All-Star in 2023Tyrese HaliburtonYes
71%
NBA All-Star in 2023Anthony EdwardsYes
70%
NBA All-Star in 2023Anthony DavisNo
66%
NBA All-Star in 2023Bam AdebayoYes
65%
NBA All-Star in 2023Julius RandleYes
65%
NBA All-Star in 2023Jrue HolidayYes
64%
NBA All-Star in 2023Jimmy ButlerNo
61%
NBA All-Star in 2023Zion WilliamsonYes
59%
NBA All-Star in 2023DeMar DeRozanYes
57%
NBA All-Star in 2023Trae YoungNo
55%
NBA All-Star in 2023Devin BookerNo
51%
NBA All-Star in 2023Paul GeorgeYes
51%
NBA All-Star in 2023Pascal SiakamYes
49%

Score Distribution

Percentile by Number Answered

Percent of People with Each Score

Your Score History

You have not taken this quiz